000 00379 a2200157 4500
001 62887
020 _a9788546900435
040 _cAnchieta - Pituba
100 _aPark, Linda Sue
240 1 0 _aPor um simples pedaço de cerâmica
_lpor
245 1 0 _aPor um simples pedaço de cerâmica
300 _a167
362 0 _a2016
650 4 _aFicção norte-americana
942 _cBK
999 _c62887
_d62887